Nghiên cứu cải tiến hệ thống nhiên liệu dùng LPG cho xe máy

Luận văn thạc sỹ.

Αποθηκεύτηκε σε:
Λεπτομέρειες βιβλιογραφικής εγγραφής
Κύριος συγγραφέας: Nguyễn Hữu Huệ.
Άλλοι συγγραφείς: Bùi Văn Ga, PGS.TS. (hướng dẫn.), Trần Văn Nam, TS. (hướng dẫn.)
Μορφή: Βιβλίο
Γλώσσα:Vietnamese
Έκδοση: Đà Nẵng : Đại học Đà Nẵng, 2000.
Θέματα:
Ετικέτες: Προσθήκη ετικέτας
Δεν υπάρχουν, Καταχωρήστε ετικέτα πρώτοι!
Thư viện lưu trữ: Mạng thư viện Đại học Đà Nẵng
LEADER 01118cam a2200361 a 4500
001 000049874
003 10042
005 20070601095927.0
008 010425b2000 vm 000 vie
040 |a IRC  |c IRC  |d IRC 
041 0 |a vie 
082 1 4 |a 629.2538  |b NG-H 
100 1 |a Nguyễn Hữu Huệ. 
245 0 0 |a Nghiên cứu cải tiến hệ thống nhiên liệu dùng LPG cho xe máy  |h [Thesis - Luận văn] /  |c Nguyễn Hữu Huệ ; Bùi Văn Ga, Trần Văn Nam hướng dẫn. 
260 |a Đà Nẵng :  |b Đại học Đà Nẵng,  |c 2000. 
300 |a 99tr. ;  |c 29,5cm. +  |e 8 tóm tắt. 
520 3 |a Luận văn thạc sỹ. 
630 0 4 |a Xe máy. 
630 0 4 |a Nhiên liệu. 
650 0 4 |a Xe máy  |x Nhiên liệu. 
700 1 |a Bùi Văn Ga,  |c PGS.TS.,  |e hướng dẫn. 
700 1 |a Trần Văn Nam,  |c TS.,  |e hướng dẫn. 
OWN |a DUT 
999 |a From the UDN01 
TYP |a Mixed Materials 
TYP |a Monograph 
TYP |a Printed language 
980 |a Mạng thư viện Đại học Đà Nẵng